Hajnali ​kakasszó. Galambok a harangtorony tövében (Запис № 580626)

МАРК-запис
000 -Лідер
fixed length control field 02321 a2200289 4500
001 - Контрольний номер
control field 2162214035926770
003 - Ідентифікатор контрольного номера
control field UA-OsUOA
005 - Дата та час останнього входження (трансакції)
control field 20260430124136.0
008 - Елементи даних фіксованої довжини – загальна інформація
fixed length control field 260430b hu ||||| |||| 00| f hun d
020 ## - Міжнародний стандартний книжковий номер (ISBN)
Міжнародний стандартний книжковий номер (ISBN) (НП) 9630724545
040 ## - Джерело каталогізації
Агенція оригінальної каталогізації UA-OsUOA
Мова каталогізації hun
Агенція, яка здійснювала перезапис UA-OsUOA
Агенція, яка здійснювала модифікацію UA-OsUOA
041 ## - Код мови
Код мови тексту/ звукової доріжки чи окремого заголовка (П) hun
080 ## - Індекс Універсальної десяткової класифікації
Індекс Універсальної десяткової класифікації (УДК) (НП) 821.511.141(477)
090 ## - Локальний шифр розміщення
Класифікаційний індекс УДК 821.511.141(477)
Авторський знак (НП) S51
100 ## - Основне введення – ім’я особи
Ім’я особи (НП) Sevcsuk V.
9 (RLIN) 25143
245 ## - Відомості про назву
Назва (НП) Hajnali ​kakasszó. Galambok a harangtorony tövében
Решта назви (НП) két kisregény
Дані про відповідальність (НП) Valerij Sevcsuk ; Fordította: Misley Pál, Szépe Borbála
260 ## - Публікація, розповсюдження і т.п. (Вихідні дані)
Місце публікації, розповсюдження і т.п. (П) Budapest
Ім’я/ наймення видавництва, розповсюджувача і т.п. (П) Európa Könyvkiadó
Дата публікації, розповсюдження і т.п. (П) 1981
300 ## - Фізичний опис
Обсяг 338 ol.
490 ## - Область серії
Назва серії Európa Modern Könyvtár
Позначення і номер тому / порядкове позначення 446
520 ## - Резюме і т.п.
Резюме, реферат, анотація, тощо (НП) Valerij Sevcsuk ukrán írónak ez az első önálló magyar nyelvű kötete. 1968-ban az Ukrán elbeszélők-ben mutatkozott be a magyar olvasóknak, kisregényét, a Rakpart 12-t az Ismerősöm, az oroszlán című válogatásban olvashattuk 1977-ben: eredeti hangja, biztos stílus- és formaérzéke mindjárt felkeltette érdeklődésünket.<br/>A kötet címadó kisregényének cselekménye egy vidéki kisvárosban játszódik, hősei őszinte emberi kapcsolatokra vágynak, nem találják a helyüket a világban. A maguk módján lázadnak a konvenciók, kötöttségek, a szürke hétköznapok ellen. Rádöbbennek arra, hogy boldogulásukért maguknak kell megküzdeniük, s mindenekelőtt le kell számolniuk az illúziókkal. A Galambok a harangtorony tövében című kisregény négy pályakezdő fiatalemberről szól. Sevcsuk kivételes őszinteséggel vall az emberi kapcsolatok sokféleségéről. A finom iróniával átszőtt történetben a sorsok különböznek, de lényegükben mégis hasonlítanak egymásra: a regény hősei méltóbb életre vágynak, s a legkisebb sikerért is keményen megküzdenek önmagukkal, emlékeikkel, környezetükkel. Küzdelmük, elszántságuk, emberi gyarlóságaik hiteles lélektani ábrázolása ezért nyújt többet a csupán esztétikai élvezetnél.
650 ## - Додаткове предметне введення – тематичний термін
Тематичний термін чи географічна назва, як елемент введення (НП) 821 Художня література окремими мовами і мовними сім'ями
9 (RLIN) 17
700 1# - Додаткове введення – ім'я особи
Ім’я особи (НП) Pál M.
9 (RLIN) 25146
700 1# - Додаткове введення – ім'я особи
Ім’я особи (НП) Borbála S.
9 (RLIN) 25147
942 ## - Додаткові елементи входу (Коха)
Тип елемента Koha Книги
Source of classification or shelving scheme Universal Decimal Classification
955 ## - Код типу видання за змістом
Код типу видання за змістом (НП) Літературно-художні видання
Фонди
Стан вилучень Стан втрат Джерело класифікації або схеми стелажів Стан уражень Не для кредиту Код колекції Постійне місце розташування Поточне розміщення Дата придбання Джерело придбання Вартість, звичайна ціна покупки Інвентарний номер Усього замовленно Повний номер виклику Штрих-код Дата останнього перегляду Вартість, ціна заміни Ціна ефективна від Тип елемента Koha
    Universal Decimal Classification     Колекція Шевчука Валерія АБ - Абонемент НБ АБ - Абонемент НБ 28/04/2026 Акт №24/28.04.2026 25.00 169889   821.511.141(477) S51 169889 30/04/2026 25.00 30/04/2026 Книги